00623nam a2200181Ia 4500008004100000082001700041100002200058245004100080250000800121260002700129300001000156500002400166650001500190942000700205952010600212952010600318999001700424230524s9999 xx 000 0 und d a650.014bPAN aTapan Kumar panda 0aBuilding Brands In The Indian Market aIST aNEW DELHIbExcelc2009 aX;431 aQuantity Number: 2 aManagement cBK 00104070aTATCLbTATCLcGENd2023-05-24l0o650.014 PANp37935r2023-05-24w2023-05-24yBKzMBA305A 00104070aTATCLbTATCLcGENd2023-05-24l0o650.014 PANp37936r2023-05-24w2023-05-24yBKzMBA305A c46858d46858